|
|
|
|
| LEADER |
00000cam a2200000 c 4500 |
| 001 |
1083961020 |
| 003 |
DE-627 |
| 005 |
20220430113015.0 |
| 007 |
tu |
| 008 |
880421s1987 xx ||||| m 00| ||ger c |
| 035 |
|
|
|a (DE-627)1083961020
|
| 035 |
|
|
|a (DE-576)013961020
|
| 035 |
|
|
|a (DE-599)BSZ013961020
|
| 035 |
|
|
|a (OCoLC)75030525
|
| 035 |
|
|
|a (DE-604)8010447288
|
| 040 |
|
|
|a DE-627
|b ger
|c DE-627
|e rakwb
|
| 041 |
|
|
|a ger
|
| 084 |
|
|
|a CW 6900
|2 rvk
|0 (DE-625)rvk/19198:
|
| 100 |
1 |
|
|a Eckert, Hans-Jürgen
|4 aut
|
| 245 |
1 |
0 |
|a Persönlichkeitsmerkmale und Haftreaktionen junger Untersuchungsgefangener
|c Hans-Jürgen Eckert
|
| 264 |
|
1 |
|c 1987
|
| 300 |
|
|
|a VI, 159 S.
|
| 336 |
|
|
|a Text
|b txt
|2 rdacontent
|
| 337 |
|
|
|a ohne Hilfsmittel zu benutzen
|b n
|2 rdamedia
|
| 338 |
|
|
|a Band
|b nc
|2 rdacarrier
|
| 502 |
|
|
|a Mainz, Univ., Diss., 1987
|
| 655 |
|
7 |
|a Hochschulschrift
|0 (DE-588)4113937-9
|0 (DE-627)105825778
|0 (DE-576)209480580
|2 gnd-content
|
| 689 |
0 |
0 |
|d s
|0 (DE-588)4028859-6
|0 (DE-627)104419199
|0 (DE-576)208979859
|a Jugend
|2 gnd
|
| 689 |
0 |
1 |
|d s
|0 (DE-588)4187105-4
|0 (DE-627)105274720
|0 (DE-576)210043628
|a Untersuchungsgefangener
|2 gnd
|
| 689 |
0 |
2 |
|d s
|0 (DE-588)4173863-9
|0 (DE-627)104597518
|0 (DE-576)209953187
|a Persönlichkeitsfaktor
|2 gnd
|
| 689 |
0 |
|
|5 (DE-627)
|
| 689 |
1 |
0 |
|d s
|0 (DE-588)4187105-4
|0 (DE-627)105274720
|0 (DE-576)210043628
|a Untersuchungsgefangener
|2 gnd
|
| 689 |
1 |
1 |
|d s
|0 (DE-588)4173863-9
|0 (DE-627)104597518
|0 (DE-576)209953187
|a Persönlichkeitsfaktor
|2 gnd
|
| 689 |
1 |
|
|5 (DE-627)
|
| 751 |
|
|
|a Mainz
|0 (DE-588)4037124-4
|0 (DE-627)106239201
|0 (DE-576)209022329
|4 uvp
|
| 936 |
r |
v |
|a CW 6900
|b Heimbewohner (Kinderheim, Altenheim usw.), Internierung, Sozialhilfe, Verwahrlosung, Strafvollzug
|k Psychologie
|k Angewandte Psychologie
|k Heimbewohner (Kinderheim, Altenheim usw.), Internierung, Sozialhilfe, Verwahrlosung, Strafvollzug
|0 (DE-627)1271559188
|0 (DE-625)rvk/19198:
|0 (DE-576)201559188
|
| 951 |
|
|
|a BO
|
| ELC |
|
|
|b 1
|
| LOK |
|
|
|0 000 xxxxxcx a22 zn 4500
|
| LOK |
|
|
|0 001 2105701760
|
| LOK |
|
|
|0 003 DE-627
|
| LOK |
|
|
|0 004 1083961020
|
| LOK |
|
|
|0 005 20141103085452
|
| LOK |
|
|
|0 008 930624||||||||||||||||ger|||||||
|
| LOK |
|
|
|0 040
|a DE-21-110
|c DE-627
|d DE-21-110
|
| LOK |
|
|
|0 689
|a s
|a Haftsituation
|
| LOK |
|
|
|0 689
|a s
|a Untersuchungshaft
|
| LOK |
|
|
|0 689
|a s
|a Haftwirkung
|
| LOK |
|
|
|0 689
|a s
|a Persönlichkeitsmerkmale
|
| LOK |
|
|
|0 852
|a DE-21-110
|
| LOK |
|
|
|0 852 1
|c P IV 301
|m p
|9 00
|
| LOK |
|
|
|0 935
|a k110
|
| LOK |
|
|
|0 936ln
|a 12.1
|
| LOK |
|
|
|0 938
|k p
|
| LOK |
|
|
|0 939
|a 24-06-93
|b l01
|
| ORI |
|
|
|a SA-MARC-krimdoka001.raw
|
| SIG |
|
|
|a IFK: P IV 301
|